[Event "Ramat Gan Winter op"]
[Site "Ramat Gan"]
[Date "2023.01.07"]
[Round "6"]
[White "Dvir, Ofir"]
[Black "Iliaguev, Daniel"]
[Result "1-0"]
[WhiteElo "2084"]
[BlackElo "2147"]
[PlyCount "71"]
[EventDate "2023.01.07"]
[EventType "swiss (rapid)"]
[EventRounds "6"]
[EventCountry "ISR"]
[SourceTitle "CBM 212 Extra"]
[Source "ChessBase"]
[SourceDate "2023.03.31"]
[SourceVersion "1"]
[SourceVersionDate "2023.03.31"]
[SourceQuality "1"]

1. e4 e5 2. Nf3 Nc6 3. Bb5 Nf6 4. 0-0 a6 5. Bxc6 dxc6 6. Nxe5 Bc5 7. Nc3 0-0 8. Nf3 Bg4 9. h3 Bh5 10. d3 Nd7 11. g4 Bg6 12. Be3 Bd6 13. Kg2 Qe7 14. Nd4 c5 15. Nd5 Qe8 16. Nf3 f6 17. Nh4 Bf7 18. Nc3 b5 19. f4 b4 20. Ne2 c4 21. Nf5 Bc5 22. Neg3 Bxe3 23. Nxe3 Nc5 24. Nxc4 Bxc4 25. dxc4 Rd8 26. Qe2 Qc6 27. Rad1 Rxd1 28. Rxd1 Re8 29. Rd5 Na4 30. c3 Nb6 31. Rd4 bxc3 32. bxc3 Na4 33. Qd2 Nc5 34. Rd8 Nxe4 35. Qd5+ Qxd5 36. Rxe8+ 1-0

[Event "EU-ch U18"]
[Site "Albena"]
[Date "2011.09.15"]
[Round "5"]
[White "Dvir, Ofir"]
[Black "Topak, Engin"]
[Result "1/2-1/2"]
[WhiteElo "2075"]
[BlackElo "2256"]
[PlyCount "57"]
[EventDate "2011.09.11"]
[EventType "swiss"]
[EventRounds "9"]
[EventCountry "BUL"]
[SourceTitle "CBM 144 Extra"]
[Source "ChessBase"]
[SourceDate "2011.10.28"]
[SourceVersion "1"]
[SourceVersionDate "2011.10.28"]
[SourceQuality "1"]

1. e4 Nf6 2. e5 Nd5 3. d4 d6 4. Nf3 Bg4 5. Be2 c6 6. c4 Nb6 7. Nbd2 N8d7 8. exd6 exd6 9. 0-0 Be7 10. b3 0-0 11. Re1 d5 12. Bb2 Bf6 13. Ne5 Bf5 14. f4 dxc4 15. bxc4 Nxe5 16. fxe5 Be7 17. Nb3 Qd7 18. a4 Rad8 19. a5 Na8 20. Bd3 Bxd3 21. Qxd3 Nc7 22. Re3 Qe6 23. Rf1 b6 24. axb6 axb6 25. Rh3 g6 26. Qc2 f6 27. exf6 Bxf6 28. Rhf3 Rf7 29. Qd3 1/2-1/2

[Event "ISR-ch U18"]
[Site "Tel Aviv"]
[Date "2011.04.17"]
[Round "7"]
[White "Dvir, Ofir"]
[Black "Ben Artzi, Ido"]
[Result "0-1"]
[WhiteElo "1972"]
[BlackElo "2211"]
[PlyCount "136"]
[EventDate "2011.04.??"]
[EventType "tourn"]
[EventRounds "7"]
[EventCountry "ISR"]
[SourceTitle "EXT 2012"]
[Source "ChessBase"]
[SourceDate "2011.11.24"]
[SourceVersion "1"]
[SourceVersionDate "2011.11.24"]
[SourceQuality "1"]

1. e4 e5 2. Nf3 Nc6 3. Bb5 a6 4. Ba4 Nf6 5. 0-0 Be7 6. Re1 b5 7. Bb3 d6 8. c3 0-0 9. h3 Nb8 10. d4 Nbd7 11. Nbd2 Bb7 12. Bc2 Re8 13. Nf1 Bf8 14. Ng3 g6 15. Bg5 h6 16. Bd2 c5 17. d5 c4 18. a4 Nc5 19. b4 cxb3 20. Bxb3 Qc7 21. Bc2 bxa4 22. Bxa4 Reb8 23. Qc2 Bc8 24. Bc6 Bb7 25. Bxb7 Rxb7 26. Reb1 Rab8 27. Rxb7 Qxb7 28. Be3 Nfd7 29. Nd2 Qb2 30. Qxb2 Rxb2 31. Kf1 h5 32. Ke1 Nd3+ 33. Kd1 N7c5 34. Ne2 f5 35. f3 Rb7 36. Kc2 Be7 37. Bxc5 Nxc5 38. exf5 gxf5 39. Ng3 Bg5 40. Nc4 e4 41. fxe4 fxe4 42. Nxd6 Re7 43. Ndf5 Re5 44. Nd4 h4 45. Ra5 Nb7 46. Rxa6 hxg3 47. c4 e3 48. Ne2 Rf5 49. Ra8+ Kg7 50. Ra7 Rf7 51. Nxg3 Kg6 52. Ra6+ Kg7 53. Ra7 Kf8 54. Ne2 Rf2 55. Kd1 Nc5 56. g3 Ne4 57. h4 Bf6 58. Ra3 Rf3 59. h5 Bg5 60. Ra8+ Ke7 61. Ra7+ Kd8 62. Rg7 Bh6 63. Rg6 Bf8 64. h6 Nf6 65. Nd4 Rf2 66. Ne6+ Ke8 67. Ke1 Bb4+ 68. Kd1 e2+ 0-1

[Event "ISR-ch U18"]
[Site "Tel Aviv"]
[Date "2011.04.14"]
[Round "5"]
[White "Dvir, Ofir"]
[Black "Nakar, Eylon"]
[Result "1-0"]
[WhiteElo "1972"]
[BlackElo "2256"]
[PlyCount "57"]
[EventDate "2011.04.??"]
[EventType "tourn"]
[EventRounds "7"]
[EventCountry "ISR"]
[SourceTitle "EXT 2012"]
[Source "ChessBase"]
[SourceDate "2011.11.24"]
[SourceVersion "1"]
[SourceVersionDate "2011.11.24"]
[SourceQuality "1"]

1. e4 e6 2. d4 d5 3. Nd2 Nf6 4. e5 Nfd7 5. Bd3 c5 6. c3 Nc6 7. Ne2 cxd4 8. cxd4 f6 9. Nf4 fxe5 10. Nxe6 Qb6 11. 0-0 Nf6 12. dxe5 Bxe6 13. exf6 0-0-0 14. Nb3 Kb8 15. Re1 Bf7 16. Qf3 g6 17. Bf4+ Bd6 18. Rac1 Nb4 19. Be3 Nxd3 20. Bxb6 Nxe1 21. Bxa7+ Kxa7 22. Rxe1 Rhe8 23. Rd1 Re4 24. Nd4 Rde8 25. g3 Bc5 26. Qc3 Bb6 27. Nb5+ Kb8 28. Nd6 d4 29. Qb4 1-0

[Event "ISR-ch U18"]
[Site "Tel Aviv"]
[Date "2011.04.11"]
[Round "2"]
[White "Tal, Eyal"]
[Black "Dvir, Ofir"]
[Result "1/2-1/2"]
[WhiteElo "2109"]
[BlackElo "1972"]
[PlyCount "191"]
[EventDate "2011.04.??"]
[EventType "tourn"]
[EventRounds "7"]
[EventCountry "ISR"]
[SourceTitle "EXT 2012"]
[Source "ChessBase"]
[SourceDate "2011.11.24"]
[SourceVersion "1"]
[SourceVersionDate "2011.11.24"]
[SourceQuality "1"]

1. Nf3 Nf6 2. d4 g6 3. g3 Bg7 4. Bg2 0-0 5. 0-0 d6 6. Nc3 Nbd7 7. e4 e5 8. h3 c6 9. a4 d5 10. exd5 e4 11. Ne5 Nxe5 12. dxe5 Nxd5 13. Nxe4 Bxe5 14. c3 Bg7 15. Nd2 Qc7 16. Nc4 Be6 17. Ne3 Rad8 18. Qc2 Rfe8 19. Nxd5 Bxd5 20. Bg5 f6 21. Bf4 Qf7 22. Bxd5 Rxd5 23. Rfe1 Bf8 24. Re2 Rxe2 25. Qxe2 Rd7 26. c4 Bc5 27. b3 Re7 28. Qf1 Qe6 29. Rd1 Kf7 30. Rd3 Qe2 31. Qxe2 Rxe2 32. Rf3 Ke6 33. g4 Re4 34. Kf1 Bd4 35. Bd2 Be5 36. Re3 Rxe3 37. Bxe3 a6 38. Bb6 f5 39. f3 fxg4 40. fxg4 Bb2 41. Ke2 Ke5 42. Kf3 Bc1 43. b4 Bd2 44. b5 axb5 45. cxb5 cxb5 46. axb5 Kd5 47. Ke2 Bb4 48. Kd3 Bc5 49. Bd8 Bd6 50. Bb6 Bc5 51. Bc7 Bg1 52. Bb8 Bb6 53. Bf4 Bd8 54. Be3 Be7 55. Bc1 Bc5 56. Bb2 Bf2 57. Ba3 Bc5 58. Bc1 Bb6 59. Ba3 Bc7 60. Bf8 Be5 61. Be7 Bg7 62. Ba3 Bf6 63. Bf8 Bh8 64. Be7 Ba1 65. Bf8 Bd4 66. Be7 Bc5 67. Bg5 Bb4 68. Be3 Ba3 69. Bh6 Bc5 70. Bg5 Bf2 71. Be7 Bg1 72. Bf8 Bh2 73. Ba3 Bg3 74. Bf8 Bf4 75. Ba3 b6 76. Bf8 Bc1 77. Be7 Bf4 78. Ba3 Bg3 79. Bf8 Bh2 80. Ba3 Bd6 81. Bc1 Bc5 82. Bh6 Bd4 83. Bf8 Bf6 84. Bb4 h5 85. gxh5 gxh5 86. Bf8 Bd4 87. Bb4 Bc5 88. Bd2 Bf2 89. Bb4 Ke5 90. Bd2 Bg1 91. Bh6 Kf5 92. Bc1 Bc5 93. Bh6 Ke5 94. Bc1 Kd5 95. Bh6 Bg1 96. Bf8 1/2-1/2